| 000 | 00601nam a2200205Ia 4500 | ||
|---|---|---|---|
| 003 | OSt | ||
| 005 | 20230608100102.0 | ||
| 008 | 210423s2003 xx 000 0 und d | ||
| 040 | _cAL | ||
| 041 | _aeng | ||
| 082 |
_a307.72 _223 _bMUKP |
||
| 100 |
_aMUKHERJEE (NEELA) _9122162 |
||
| 245 | _aParticipatory rural appraisal and questionnarie survey | ||
| 260 |
_aNew Delhi _bConcept publishing company _c2003 |
||
| 365 |
_b200 _cINR |
||
| 650 |
_aRural Communities _9122163 |
||
| 650 |
_aSociology _9122164 |
||
| 906 | _aappraisal ; Participatory ; questionnarie ; rural ; survey | ||
| 942 |
_2ddc _cBK |
||
| 999 |
_c175176 _d175176 |
||